Concierto de metal para un recuerdo y otras orgías de soledad /

Gespeichert in:
Bibliographische Detailangaben
1. Verfasser: Ramos Otero, Manuel, 1948-1990
Format: Unbekannt
Sprache:Spanish
Veröffentlicht: San Juan, Puerto Rico: Cultural, 1971
Ausgabe:1. edición
Schlagworte:
Tags: Tag hinzufügen
Keine Tags, Fügen Sie den ersten Tag hinzu!

MARC

LEADER 000000000a22000000004500
001 001145
008 170623b pr ||||| |||| 00| 1 spa d
041 0 |a español 
082 |a PR863.4  |b R1756co 
100 1 |a Ramos Otero, Manuel,   |d 1948-1990 
245 1 0 |a Concierto de metal para un recuerdo   |b y otras orgías de soledad /  |c Manuel Ramos Otero 
250 |a 1. edición 
260 |a San Juan, Puerto Rico:   |b Cultural,   |c 1971 
300 |a 132 páginas 
500 |a Número de inscripción 10130 (Colección George Yúdice) 
650 4 |a LITERATURA PUERTORRIQUEÑA  |v CUENTOS 
942 |2 ddc  |c BK 
999 |c 2228  |d 2228